Survival english : practice book /
Guardado en:
| Autor Principal: | |
|---|---|
| Otros Autores: | |
| Formato: | Libro |
| Publicado: |
Oxford :
Heinemann,
1994
|
| Materias: | |
| Etiquetas: |
Agregar Etiqueta
Sin Etiquetas, Sea el primero en etiquetar este registro!
|
| LEADER | 00592nam a22002055a 4500 | ||
|---|---|---|---|
| 001 | CEM.cems009659 | ||
| 005 | 20080723114958.0 | ||
| 008 | 130507s1994##################000#0#####d | ||
| 003 | CEMS | ||
| 020 | |a 0435296442 | ||
| 082 | 0 | 4 | |a 428.64 |
| 100 | 1 | |a Viney, Peter | |
| 245 | 1 | 0 | |a Survival english : |b practice book / |c Peter Viney, Anne Watson-delestree |
| 260 | |a Oxford : |b Heinemann, |c 1994 | ||
| 300 | |a 72 p. | ||
| 653 | |a Inglés | ||
| 653 | |a Inglés-textos | ||
| 653 | |a Inglés-actividades | ||
| 700 | 1 | |a Watson Delestree, Anne | |
| 859 | |a CEMS |b BIB. CEMS - 11 de abril |h 428.64 |i V756-1 |p 19353.97 |t Ej.1 | ||
